Culture générale 22 Juillet 2023. - Statistiques

Statistiques générales
  • Ce quiz a été pris 62 fois
  • Le résultat moyen est 6 sur 16
Statistiques - réponses
Questions réponses Catégories % Correct
Quel joueurs de tennis Français surnommé "le crocodile" a créé une marque de vêtements ? René Lacoste Sport
83%
Quel volcan est à l'origine de la destruction des villes de Pompéi et Herculanum en 79 ? Vésuve Histoire
76%
Défendre une cause pourtant indéfendable, c'est "Se faire --- du diable". Quel est le mot manquant ? L'avocat Culture
69%
Quelle est la deuxième plus grande ville d'Allemagne ? Hambourg Géographie
64%
Quel est l'acteur principal du film "Shutter Island" ? Léonardo DiCaprio Films et télé
55%
Quel département français possède 09 comme code ? Ariège Géographie
52%
Quelle est la plante sur la photo du haut de la page ? Basilic Nature
48%
L'élevage ovin concerne l'élevage de quels animaux par les humains ? Moutons Nature
47%
Quelle ville est la préfecture du département français des Alpes-de-Haute-Provence ? Digne-les-Bains Géographie
31%
Comment les grecs appelaient ceux qui ne parlaient pas grec et ne suivaient pas les coutumes grecques ? Barbares Histoire
24%
Comment appelle t'on l'ensemble d'artistes célèbres morts à 27 ans ? Club des 27 Société
22%
Que mangent les Kangourous ? Plantes Nature
14%
Quel acteur est mort à la suite d'un accident dû à un tir de revolver au cours du tournage d'un film ? Brandon Lee Films et télé
10%
Quel système de l'organisme aide à combattre les maladies ? Lymphatique Science
5%
Comment s'appelle un cordon littoral reliant une île à un continent ? Tombolo Nature
5%
"L'île de la vraie croix" est le premier nom de quel pays ? Brésil Géographie
2%
Aucun quiz correspondant
Distribution des résultats
% des personnes avec chaque résultat
Percentile par nombre de réponses
Votre historique - résultats
Vous n’avez pas pris ce quiz